Library Banner

Muslim world almanac/ (Record no. 100449)

MARC details
000 -LEADER
fixed length control field 00418nam a22001457a 4500
005 - DATE AND TIME OF LATEST TRANSACTION
control field 20171204124316.0
008 - FIXED-LENGTH DATA ELEMENTS--GENERAL INFORMATION
fixed length control field 171204b xxu||||| |||| 00| 0 eng d
020 ## - INTERNATIONAL STANDARD BOOK NUMBER
International Standard Book Number 9786030004140
040 ## - CATALOGING SOURCE
Transcribing agency PK-LaUMT
082 ## - DEWEY DECIMAL CLASSIFICATION NUMBER
Classification number PKAC 030.0917671
Item number MUS-
245 ## - TITLE STATEMENT
Title Muslim world almanac/
Statement of responsibility, etc Saqib Jawaid Anwar Al Hassan(Editor)
260 ## - PUBLICATION, DISTRIBUTION, ETC. (IMPRINT)
Place of publication, distribution, etc Karachi:
Name of publisher, distributor, etc Jawaid Anwar Al Hassan publishers,
Date of publication, distribution, etc 2008
300 ## - PHYSICAL DESCRIPTION
Extent 908 p.
942 ## - ADDED ENTRY ELEMENTS (KOHA)
Koha item type Books
Holdings
Withdrawn status Lost status Damaged status Home library Current library Date acquired Full call number Barcode Date last seen Price effective from Koha item type
      UMT Main Campus UMT Main Campus 2017-12-04 PKAC 030.0917671 MUS- 116361 2017-12-04 2017-12-04 Books